Normal view
MARC view
- المحاكمات الجنائية -- الأردن -- المحاكم الجنائية -- الأردن
Entry Topical Term
001 - CONTROL NUMBER
- control field: 41645
003 - CONTROL NUMBER IDENTIFIER
- control field: JO-AjAnu
005 - DATE AND TIME OF LATEST TRANSACTION
- control field: 20230606080920.0
008 - FIXED-LENGTH DATA ELEMENTS
- fixed length control field: 230606|| aca||aabn | a|a d
040 ## - CATALOGING SOURCE
- Original cataloging agency: JO-AjAnu
- Transcribing agency: JO-AjAnu
150 ## - HEADING--TOPICAL TERM
- Topical term or geographic name entry element: المحاكمات الجنائية -- الأردن -- المحاكم الجنائية -- الأردن
670 ## - SOURCE DATA FOUND
- Source citation: Work cat.: (JO-AjAnu)21338: صالح، نائل عبد الرحمن, author 41644, محاضرات في اصول المحاكمات الجزائية: قانون اصول المحاكمات الجزائية قانون محكمة الجنايات الكبرى